• 首页
  • 本馆介绍
  • 公告通知
  • 最新文献
  • 馆藏检索
  • 电子资源
  • 读者导购
  • 参考咨询
  • 我的图书馆
  • 登录
  • 详细信息显示
  • 放入我的书架
  • 预约/预借图书
  • 作者相关作品
  • 分类相关作品
  • 丛书相关作品
  • 出版社相关作品

书目信息

  • 表格格式
  • 工作单格式
  • 卡片格式
题名:
音乐和数学
    
 
作者: 梁进 著
分册:  
出版信息: 上海   上海科学技术出版社  2022.01
页数: 139页
开本: 23cm
丛书名: 砺智石丛书
单 册:
中图分类: J6 , O1
科图分类:
主题词: 音乐--yin le--关系--数学--研究
电子资源:
ISBN: 978-7-5478-5550-8
000 01073nam 2200301 450
001 CAL 0120217337816
005 20230308143222.0
010    @a978-7-5478-5550-8@dCNY48.00
100    @a20220105d2022 em y0chiy0120 ea
101 0  @achi
102    @aCN@b310000
105    @aa a 000yy
106    @ar
200 1  @a音乐和数学@Ayin yue he shu xue@e谜一般的关系@f梁进著
210    @a上海@c上海科学技术出版社@d2022.01
215    @a139页@c图@d23cm
225 2  @a砺智石丛书@Ali zhi shi cong shu
314    @a梁进, 统计大学教授、博士生导师。
320    @a有书目
330    @a本书分为六章, 第一章收集了历史上和数学音乐有关的名人及其趣闻轶事 ; 第二章基本是物理学 ; 第三章是从数学的角度谈乐理 ; 第四章是乐器和人声 ; 第五章是从乐曲本身的角度谈谈各种风格的乐曲及其对应的数学特征 ; 第六章是数学音乐。
410  0 @12001 @a砺智石丛书
517 1  @a谜一般的关系@Ami yi ban de guan xi
606 0  @a音乐@Ayin le@x关系@x数学@x研究
690    @aJ6@v5
690    @aO1@v5
701  0 @a梁进@Aliang jin@4著
801  0 @aCN@bBJXHXP@c20230308
905    @b1403219-22@dJ6@e1503@f4
    
    音乐和数学:谜一般的关系/梁进著.-上海:上海科学技术出版社,2022.01
    139页:图;23cm.-(砺智石丛书)
    
    
    ISBN 978-7-5478-5550-8:CNY48.00
    本书分为六章, 第一章收集了历史上和数学音乐有关的名人及其趣闻轶事 ; 第二章基本是物理学 ; 第三章是从数学的角度谈乐理 ; 第四章是乐器和人声 ; 第五章是从乐曲本身的角度谈谈各种风格的乐曲及其对应的数学特征 ; 第六章是数学音乐。
●
相关链接 在E读中查询图书 在五车中查询图书 在当当中查询图书 在豆瓣中查询图书


正题名:音乐和数学     索取号:J6/1503         预约/预借

序号 登录号 条形码 馆藏地/架位号 状态 备注
1 1403219   214032198   第一样本阅览室/ [索取号:J6/1503] 在馆    
2 1403220   214032205   第一借阅区/ [索取号:J6/1503] 在馆    
3 1403221   214032214   第一借阅区/ [索取号:J6/1503] 在馆    
4 1403222   214032223   第一借阅区/ [索取号:J6/1503] 在馆    
唐山师范学院图书馆 欢迎您!
大连网信软件有限公司© 版权所有